000 00529nmm a2200193Ia 4500
008 251105s9999||||xx |||||||||||||||||und||
020 _a9788496940680
041 _aspa
100 _aConnelly, Michael
245 0 _aPasaje al paraíso
264 _a[Madrid, España] :
_bRoca Editorial,
_c2011
300 _a299 páginas
490 _aHarry Bosch
650 _aThriller & Suspense
700 _aConnelly, Michael
700 1 _a Martín, Helena
856 _uhttps://public.digitaliapublishing.com/a/33512
942 _cCF
999 _c64162
_d64162